000 00344nas a2200157 a 4500
001 77684
003 153326
005 20201118111450.0
008 ||||||n9999 ||| || ||
245 0 _aTime - Vol. 156 No.9
260 _aEstados Unidos :
562 _e1
773 _021966
_aTime
942 _cSISS
999 _c77684
_d77684